Watershed development prioritization and site identification for soil and water conservation structures (Record no. 4572)
[ view plain ]
| 000 -LEADER | |
|---|---|
| fixed length control field | 00684nam a22001697a 4500 |
| 003 - CONTROL NUMBER IDENTIFIER | |
| control field | OSt |
| 005 - DATE AND TIME OF LATEST TRANSACTION | |
| control field | 20220107122757.0 |
| 008 - FIXED-LENGTH DATA ELEMENTS--GENERAL INFORMATION | |
| fixed length control field | 150330b xxu||||| |||| 00| 0 eng d |
| 040 ## - CATALOGING SOURCE | |
| Transcribing agency | |
| 100 ## - MAIN ENTRY--PERSONAL NAME | |
| Personal name | Lekshmy Priya T S (92312007) |
| 9 (RLIN) | 6332 |
| 245 ## - TITLE STATEMENT | |
| Title | Watershed development prioritization and site identification for soil and water conservation structures |
| 502 ## - DISSERTATION NOTE | |
| Degree type | MSc. Geoinformatics |
| Name of granting institution | 2012 - 2014 |
| Year degree granted | INT |
| -- | Radhakrishnan T |
| -- | Sheeja R V (Kerala State Remote Sensing and Environment Centre) |
| Miscellaneous information | "Kerala State Remote Sensing and Environment Centre, Thiruvananthapuram" |
| 650 ## - SUBJECT ADDED ENTRY--TOPICAL TERM | |
| Topical term or geographic name entry element | MORPHOMETRY |
| 9 (RLIN) | 6333 |
| 650 ## - SUBJECT ADDED ENTRY--TOPICAL TERM | |
| Topical term or geographic name entry element | TOPOGRAPHY |
| 9 (RLIN) | 6334 |
| 650 ## - SUBJECT ADDED ENTRY--TOPICAL TERM | |
| Topical term or geographic name entry element | WATERSHED MANAGEMENT |
| 9 (RLIN) | 6335 |
| 942 ## - ADDED ENTRY ELEMENTS (KOHA) | |
| Source of classification or shelving scheme | Dewey Decimal Classification |
| Koha item type | |
| Withdrawn status | Lost status | Source of classification or shelving scheme | Damaged status | Not for loan | Home library | Current library | Date acquired | Total Checkouts | Barcode | Date last seen | Price effective from | Koha item type |
|---|---|---|---|---|---|---|---|---|---|---|---|---|
| Dewey Decimal Classification | IIITM-K | Kerala University of Digital Sciences, Innovation and Technology Knowledge Centre | 30/03/2015 | R-502 | 30/03/2015 | 30/03/2015 | Project Reports |